000
00310nam a2200121Ia 4500
005
20251222144728.0
008
251222s9999||||xx |||||||||||||| ||spa||
082
_a
338.985/M84
100
_a
Montoya Canchis, Luis
245
0
_a
Mirando el Futuro desde el Cono Norte de Lima:
264
_b
COPOME
942
_c
LIB
999
_c
18487
_d
18487